Normal view
MARC view
Entry Personal Name
001 - CONTROL NUMBER
- control field: 57400
003 - CONTROL NUMBER IDENTIFIER
- control field: dpl
005 - DATE AND TIME OF LATEST TRANSACTION
- control field: 20230925155751.0
008 - FIXED-LENGTH DATA ELEMENTS
- fixed length control field: 230925|| aca||aabn | a|a d
040 ## - CATALOGING SOURCE
- Original cataloging agency: dpl
- Transcribing agency: dpl
100 ## - HEADING--PERSONAL NAME
- Personal name: Reddy, Y. Mallikarjuna
670 ## - SOURCE DATA FOUND
- Source citation: Work cat.: (dpl)142075: Reddy, Y. Mallikarjuna, Electromagnetic waves and transmission lines/, 2015
